000
003300000a22001570004500
001
000424
003
MACL
040
_a
MACL
090
_c
424
_d
424
100
_a
Barthakur, Jitendra Kumar
245
_a
Time
_c
Jitendra Kumar Barthakur
260
_a
Kumad Books,
_c
1999
350
_a
400
650
_a
Philosophy
942
_k
100
_c
Book
999
_c
426
_d
426